000 01104nam a22002657a 4500
005 20240530110435.0
008 150407s2010 xxuad g b 000 0 eng d
017 _a2009/19077
_bمصر . دار الكتب المصرية
020 _a9789774795833
040 _aEG-CaGPL
082 0 4 _221
_a004.678\
_bك ل
100 1 _aكريستال ، ديفيد
245 1 2 _aاللغة و شبكة المعلومات العالمية /
_cتاليف ديفيد كريستال ؛ ترجمة احمد شفيق الخطيب
250 _aط1
260 _aالقاهرة :
_bالمركز القومى للترجمة ،
_c2010.
300 _a309 ص :
_bجداول ؛
_c24 سم.
490 _aالمشروع القومى للترجمة ؛
_v1599
504 _aيشتمل على ارجاعات ببليوجرافية
650 0 4 _aالحاسبات الالكترونية
_xلغات
650 0 4 _aالحاسبات الالكترونية
_xبرامج
650 0 4 _aالانترنت
700 0 _aاحمد شفيق الخطيب
_eمترجم
942 _2ddc
_cBK
999 _c60931
_d60931